000 00543nam a2200181Ia 4500
008 100917s9999 xx 000 0 und d
082 _b40483
100 _aमनोहर अनंत
245 _aउदास हळवे सूर
260 _bकुलकर्णी ग्रंथागार
_c1971
300 _a141
365 _b7
520 _aकादंबरी
630 _aउदास हळवे सूर
650 _aकादंबरी
730 _aउदास हळवे सूर
942 _cBOOK
999 _c645877
_d645874